000 01068nam a2200301 i 4500
003 EG-GICUC
005 20260429120744.0
008 260429s1997 ts ||||fr|||| 000 0 ara d
040 _a EG-GICUC
_bara
_c EG-GICUC
_d EG-GICUC
_erda
041 _aara
082 0 4 _221
_a345.31211
_bم ا . ق
092 0 4 _221
099 _aLaw1 07 345.31211 م ا . ق 1997
110 _aماجد راغب الحلو
_eمؤلف.
245 1 0 _aقانون حماية البيئة /
_cماجد راغب الحلو.
250 _aالطبعة الثانية.
264 1 _aالإمارات :
_bجامعة الإمارات العربية المتحدة،
_c1997.
300 _a378 صفحة، صفحات غير مرقمة ؛
_c24 سم.
336 _2rda content
_atext
337 _2rda media
_aComputer
338 _2rda carrier
_aOnline Resource
546 _aالنص باللغة العربية
650 1 4 _aتشريعات البيئة
_2qrmak
651 1 _2qrmak
856 4 0 _uhttps://fll.law.cu.edu.eg/fulltext/bks/B07-04337.pdf
905 _a62
942 _2ddc
_cBK
_e21
_n0
999 _c74154
_d74154